000 01652nam a2200313 a 4500
999 _c444992
_d444992
003 BLK
005 20230715005315.0
008 220215b bu |||||r|||| 00| | bu d
040 _aBLK
041 _aRUS
_cRUS
080 _aМузеи. Сбирки. Галерии. Постоянни изложби. Музеология Лит. върху спец.(отраслеви) музеи се класиф. в съответните отдели със съотношение, също и в 069.02
_b069
_x(036)
_z069(036)
080 _aПушкин, Александр Сергеевич
_b929 Пушкин, Александр Сергеевич
_z929 Пушкин, Александр Сергеевич
100 _91299
_aМуза, Елена Владимировна
_eпърви автор
139 _aМуза, Елена Владимировна и др.
245 _aВ залах московского пушкинского музея
_bПутеводитель
_cЕ.В. Муза, С.Т. Овчинникова.
260 _9431686
_aМосква
_bМосковский рабочий
_c1982
300 _a79 с.
_bс ил. и портр.
_c17 см
380 _a0
490 _9470782
_aМузеи и выставки Москвы и Подмосковья
600 0 _aПушкин, Александр Сергеевич
_d1799-1837
_9262126
653 7 _9191489
_aмузеи
653 7 _9195008
_aпътеводители
700 _aОвчинникова, С.Т.
_eсъавт.
_91445
852 _aЦб І 20199
_bЦб
942 _cKNG
_n0
_s1
944 _aCR
_c2022-02-15
_k
_lCRON CRON
999 _d444992
999 _d444992